| 000 | 01003nam a2200265 a 4500 | ||
|---|---|---|---|
| 001 | BRCA_1280 | ||
| 005 | 20190320203347.0 | ||
| 008 | 070508s2004----mx-a---###---#000-0#spa-# | ||
| 020 | _a968738171X | ||
| 041 | _aspa | ||
| 044 | _amx | ||
| 050 | 4 |
_aF1210 _b.A43 2004 |
|
| 100 | 1 |
_aAlberro, Solange _94205 |
|
| 245 | 1 | 0 |
_aEstampas de la colonia _ctextos Solange Alberro ; edición gráfica Ma. Cristina Urrutia, Krystyna Libura. |
| 260 |
_aMéxico _bTecolote _c2004 |
||
| 300 |
_a192 p. _bil. a color _c21 cm. |
||
| 500 | _aIncluye cronología del Virreinato, de la Nueva España y de su capital, La Ciudad de México | ||
| 500 | _aIncluye piezas de la colección Franz Mayer: p. 22, 66, 67, 99, 100, 101, 140, 144, 148, 159, 170, 176, 188 y 193 | ||
| 651 | 4 |
_aMéxico _xVida social y costumbres _9769 |
|
| 651 | 4 |
_aMéxico _xHistoria _yPeríodo colonial, 1540-1810 _94206 |
|
| 653 | 0 | _aVida cotidiana | |
| 700 | 1 |
_aUrrutia, Ma. Cristina _94207 |
|
| 700 | 1 |
_aLibura, Krystyna _92397 |
|
| 942 |
_2lcc _cB |
||
| 999 |
_c1149 _d1149 |
||